{"text_format":"3","workbook":"xlsx","n_sheets":4,"sheets":["报价单","清单_次","清单_加","清单_污水"],"not_rendered":{"images":4},"read":"whole","date_system":"1900"}

{"sheet":"报价单","index":0,"n_rows":36,"n_cols":13,"rows_kept":36,"merged":[[1,0,1,7],[2,0,2,3],[2,4,2,7],[3,0,3,3],[3,4,3,7],[4,0,4,3],[4,4,4,7],[5,0,5,3],[5,4,5,7],[32,0,32,7],[33,0,33,3],[33,4,33,7],[35,0,35,1],[35,3,35,4]]}
[]
["报 价 单"]
["\n\n",{"$nulls":3},"\n\n"]
["From: 河南华溪水处理技术有限公司  ",{"$nulls":3},"T0:                              . "]
["联系人:                                          .",{"$nulls":3},"联系人:  张登峰                                   ."]
["电话/微信:                                        ",{"$nulls":3},"电话/微信:  13598834011                     . "]
[]
["序号","名称","型号","数量","单位","单价","小计","备注",{"$nulls":3},"成本单价","成本小计"]
["N01","PE原液罐","5T/D1.8*1900",4,"套",3000,{"$f":"F9*D9","v":12000},"查看图片\n黄色",{"$nulls":3},0,{"$f":"D9*L9","v":0}]
["N02","PE稀释罐","2T",1,"套",1500,{"$f":"F10*D10","v":1500},"黄色",{"$nulls":3},0,{"$f":"D10*L10","v":0}]
["N03","计量泵","240L",2,"个",2500,5000,{"$nulls":4},0,{"$f":"D11*L11","v":0}]
["N04","计量泵","120L",2,"个",2400,4800,{"$nulls":4},0,{"$f":"D12*L12","v":0}]
["N05","电磁流量计","配套",2,"个",2000,4000,"选配：",{"$nulls":3},0,0]
["N06","脉冲阻尼器","精细盐",4,"吨",100,400,"选配：5吨起订",{"$nulls":3},0,0]
["N07","安全阀",null,4,null,100,{"$f":"F15*D15","v":400},{"$nulls":4},0,0]
["N08","被压阀",null,4,null,100,400,{"$nulls":4},0,0]
["N09","Y型过滤器",null,4,null,100,400,{"$nulls":4},0,0]
["N10","隔膜调节阀",null,2,null,50,100,{"$nulls":4},0,0]
["N11","浮子流量管",null,4,null,50,200,"2用2备",{"$nulls":3},0,0]
["N12","控制系统",null,1,null,1000,1000,{"$nulls":4},0,0]
["N13","鸭嘴液位开关",null,4,null,30,120,{"$nulls":4},0,0]
["N14","室内电缆",null,1,"项",1000,1000,{"$nulls":4},0,0]
["N15","延期保修费",null,1,"年",2000,2000,"选配：5年内每年2000元。超过5年每年3000元。",{"$nulls":3},0,0]
["N16","室内管件",null,1,null,1000,1000]
["N17","安装费",null,1,null,2000,2000,{"$nulls":4},100,{"$f":"D25*L25","v":100}]
["N18","运杂费",null,1,null,1000,1000,{"$nulls":4},100,{"$f":"D26*L26","v":100}]
["N19","："]
["N20","合计",{"$nulls":4},{"$f":"SUM(G8:G26)","v":37320},"不含税价",{"$nulls":3},"成本合计",{"$f":"SUM(M8:M26)","v":200}]
["N21","税费",null,null,{"v":0.13,"d":"13%"},null,{"$f":"G28*E29","v":4851.6},"专票√   \n普票   ",{"$nulls":3},"成本税",{"$f":"M28*E29","v":26}]
["N22","总价",{"$nulls":4},{"$f":"SUM(G28:G29)","v":42171.6},"含税价",{"$nulls":3},"成本总价",{"$f":"SUM(M28:M29)","v":226}]
[]
[null,"报"]
[" \n  供货周期： 15个工作日，进口设备60个工作日。\n  质 保 期： 设备质保12个月（药剂、原料等消耗品无质保）。\n  服务方式：现场服务或者设备返厂服务。\n  付款方式：预付60%，发货前付至90%货款,安装调试好付完。\n  运输方式：物流。\n  报价有效期：30日。\n\n  双方签字盖章与合同等效，视为成交。\n         \n            \n\n \n               \n\n\n"]
[{"$f":"A4","v":"From: 河南华溪水处理技术有限公司  "},{"$nulls":3},{"$f":"E4","v":"T0:                              . "}]
[]
["报价日期：",null,null,{"$f":"TODAY()","v":"2028-12-24"}]

{"sheet":"清单_次","index":1,"n_rows":24,"n_cols":9,"rows_kept":24,"merged":[[1,0,1,5],[4,0,4,5]]}
["附件1："]
["供货清单"]
[]
["序号","名称","型号","数量","单位","备注",null,"小计","合计"]
[]
["N01","PE原液罐","5T/D1.8*1900",4,"个","查看图片\n黄色",null,0,{"$f":"D6*H6","v":0}]
["N02","PE稀释罐","2T",1,"套","黄色",null,0,{"$f":"D7*H7","v":0}]
["N03","计量泵","240L",2,"个",null,null,0,{"$f":"D8*H8","v":0}]
["N04","计量泵","120L",2,"个",null,null,0,{"$f":"D9*H9","v":0}]
["N05","电磁流量计","配套",2,"个","选配：",null,0,{"$f":"D10*H10","v":0}]
["N06","脉冲阻尼器","精细盐",4,"吨","选配：5吨起订",null,0,0]
["N07","安全阀",null,4,{"$nulls":3},0,0]
["N08","被压阀",null,4,{"$nulls":3},0,0]
["N09","Y型过滤器",null,4,{"$nulls":3},0,0]
["N10","隔膜调节阀",null,2,{"$nulls":3},0,0]
["N11","浮子流量管",null,4,null,"2用2备",null,0,0]
["N12","控制系统",null,1,{"$nulls":3},0,0]
["N13","鸭嘴液位开关",null,4,{"$nulls":3},0,0]
["N14","室内电缆",null,1,"项",null,null,0,0]
["N15","延期保修费",null,1,"年","选配：5年内每年2000元。超过5年每年3000元。",null,0,0]
["N16","室内管件",null,1,"项",null,null,0,0]
["N17","安装",null,1,"项","不含土建及设备间外施工",null,0,0]
["N18","运杂",null,1,"项","不含卸车与二次搬运",null,0,0]
[{"$nulls":7},"总价",{"$f":"SUM(I6:I23)","v":0}]

{"sheet":"清单_加","index":2,"n_rows":0,"n_cols":0,"rows_kept":0}

{"sheet":"清单_污水","index":3,"n_rows":0,"n_cols":0,"rows_kept":0}